Teoretické základy letecké fotogrametrie

Gespeichert in:
Bibliographische Detailangaben
1. Verfasser: Tomsa, Karel (Verfasst von)
Format: Buch
Sprache:Tschechisch
Veröffentlicht: Praha : Academia, 1984
Ausgabe:1. vyd.
Tags: Tag hinzufügen
Keine Tags, Fügen Sie das erste Tag hinzu!

MARC

LEADER 00000nam a22000003a 4500
001 stu140059
005 20150617225927.5
008 070416s1984----xr------------------cze-d
040 |a STU  |b slo 
041 0 |a cze 
044 |a xr 
080 |a 528.716 
100 1 |a Tomsa, Karel  |4 aut 
245 1 |a Teoretické základy letecké fotogrametrie 
250 |a 1. vyd. 
260 |a Praha :  |b Academia,  |c 1984 
300 |a 169 s 
996 |c V*28667/O-11264  |l VV4  |s P  |a 0  |w stu140059_0001